<?xml version="1.0" encoding="UTF-8"?>
<record
    xmlns:xsi="http://www.w3.org/2001/XMLSchema-instance"
    xsi:schemaLocation="http://www.loc.gov/MARC21/slim http://www.loc.gov/standards/marcxml/schema/MARC21slim.xsd"
    xmlns="http://www.loc.gov/MARC21/slim">

  <leader>01544    a2200289   4500</leader>
  <controlfield tag="005">20080927114349.0</controlfield>
  <controlfield tag="008">080911t        xxu||||| |||| 00| 0 hin d</controlfield>
  <datafield tag="010" ind1=" " ind2=" ">
    <subfield code="a">HIN-79574</subfield>
  </datafield>
  <datafield tag="020" ind1=" " ind2=" ">
    <subfield code="a">8189850431</subfield>
    <subfield code="c">400.00</subfield>
  </datafield>
  <datafield tag="035" ind1=" " ind2=" ">
    <subfield code="a">HN-51920</subfield>
  </datafield>
  <datafield tag="037" ind1=" " ind2=" ">
    <subfield code="b">D.B.Act / pub</subfield>
  </datafield>
  <datafield tag="082" ind1=" " ind2=" ">
    <subfield code="a">&#x909;</subfield>
  </datafield>
  <datafield tag="100" ind1=" " ind2=" ">
    <subfield code="a">&#x92A;&#x93E;&#x932; &#x91C;&#x94B;&#x917;&#x93F;&#x928;&#x94D;&#x926;&#x930;</subfield>
  </datafield>
  <datafield tag="245" ind1=" " ind2=" ">
    <subfield code="a">&#x916;&#x93C;&#x94D;&#x935;&#x93E;&#x92C;&#x930;&#x94C;, &#x928;&#x93E;&#x926;&#x940;&#x926;</subfield>
    <subfield code="c">&#x91C;&#x94B;&#x917;&#x93F;&#x928;&#x94D;&#x926;&#x930; &#x92A;&#x93E;&#x932;, &#x905;&#x928;&#x941;&#x935;&#x93E;&#x926;&#x915; &#x915;&#x943;&#x937;&#x94D;&#x923;&#x93E; &#x92A;&#x93E;&#x932;</subfield>
  </datafield>
  <datafield tag="246" ind1=" " ind2=" ">
    <subfield code="a">Khwaabrow,Nadeed</subfield>
    <subfield code="b">by Joginder Paul</subfield>
  </datafield>
  <datafield tag="260" ind1=" " ind2=" ">
    <subfield code="a">&#x928;&#x908;  &#x926;&#x93F;&#x932;&#x94D;&#x932;&#x940;</subfield>
    <subfield code="b">&#x930;&#x947;&#x92E;&#x93E;&#x927;&#x935; &#x92A;&#x92C;&#x94D;&#x932;&#x93F;&#x915;&#x947;&#x936;&#x928;&#x94D;&#x938;</subfield>
    <subfield code="c">2006</subfield>
  </datafield>
  <datafield tag="270" ind1=" " ind2=" ">
    <subfield code="a">&#x92A;&#x94B;&#x938;&#x94D;&#x91F; &#x92C;&#x93E;&#x915;&#x94D;&#x938; &#x928;.3684,&#x932;&#x93E;&#x91C;&#x92A;&#x924; &#x928;&#x917;&#x930;-11</subfield>
    <subfield code="b">&#x928;&#x908;  &#x926;&#x93F;&#x932;&#x94D;&#x932;&#x940;</subfield>
    <subfield code="e">110024</subfield>
  </datafield>
  <datafield tag="300" ind1=" " ind2=" ">
    <subfield code="a">&#x928;&#x94C;,185&#x92A;&#x943;</subfield>
    <subfield code="c">23 &#x938;&#x947;&#x92E;&#x940; (&#x938;&#x91C;&#x93F;&#x932;&#x94D;&#x926;)</subfield>
  </datafield>
  <datafield tag="500" ind1=" " ind2=" ">
    <subfield code="a">(&#x91C;&#x94B;&#x917;&#x93F;&#x928;&#x94D;&#x926;&#x930; &#x92A;&#x93E;&#x932; &#x915;&#x947; &#x926;&#x94B; &#x909;&#x92A;&#x928;&#x94D;&#x92F;&#x93E;&#x938;)</subfield>
  </datafield>
  <datafield tag="500" ind1=" " ind2=" ">
    <subfield code="a">(Joginder Paul ke two Novel)</subfield>
  </datafield>
  <datafield tag="650" ind1=" " ind2=" ">
    <subfield code="a">&#x939;&#x93F;&#x928;&#x94D;&#x926;&#x940; &#x909;&#x92A;&#x928;&#x94D;&#x92F;&#x93E;&#x938;</subfield>
  </datafield>
  <datafield tag="650" ind1=" " ind2=" ">
    <subfield code="a">Hindi Novel</subfield>
  </datafield>
  <datafield tag="700" ind1=" " ind2=" ">
    <subfield code="a">&#x92A;&#x93E;&#x932;, &#x915;&#x943;&#x937;&#x94D;&#x923;&#x93E;</subfield>
  </datafield>
  <datafield tag="942" ind1=" " ind2=" ">
    <subfield code="a">dpl</subfield>
    <subfield code="c">HN</subfield>
    <subfield code="k">&#x909; / &#x91C;&#x94B;&#x917;&#x93F;&#x928;&#x94D;&#x926;</subfield>
    <subfield code="2">ddc</subfield>
    <subfield code="h">&#x909;</subfield>
    <subfield code="m">&#x91C;&#x94B;&#x917;&#x93F;&#x928;&#x94D;&#x926;</subfield>
  </datafield>
  <datafield tag="999" ind1=" " ind2=" ">
    <subfield code="c">3001</subfield>
    <subfield code="d">3001</subfield>
  </datafield>
  <datafield tag="952" ind1=" " ind2=" ">
    <subfield code="0">0</subfield>
    <subfield code="1">0</subfield>
    <subfield code="4">0</subfield>
    <subfield code="7">0</subfield>
    <subfield code="a">DBAD</subfield>
    <subfield code="b">DBAD</subfield>
    <subfield code="d">2008-09-11</subfield>
    <subfield code="g">400.00</subfield>
    <subfield code="l">0</subfield>
    <subfield code="o">&#x909; &#x91C;&#x94B;&#x917;&#x93F;&#x928;&#x94D;&#x926;</subfield>
    <subfield code="p">HN-51920</subfield>
    <subfield code="r">2008-09-15 00:00:00</subfield>
    <subfield code="t">1</subfield>
    <subfield code="u">3195</subfield>
    <subfield code="v">400.00</subfield>
    <subfield code="w">2008-09-15</subfield>
    <subfield code="y">HN</subfield>
  </datafield>
  <datafield tag="952" ind1=" " ind2=" ">
    <subfield code="0">0</subfield>
    <subfield code="1">0</subfield>
    <subfield code="2">ddc</subfield>
    <subfield code="4">0</subfield>
    <subfield code="7">0</subfield>
    <subfield code="8">FIC</subfield>
    <subfield code="a">VP</subfield>
    <subfield code="b">VP</subfield>
    <subfield code="d">2008-09-27</subfield>
    <subfield code="e">BPPD / </subfield>
    <subfield code="g">400.00</subfield>
    <subfield code="l">4</subfield>
    <subfield code="o">&#x909; &#x91C;&#x94B;&#x917;&#x93F;&#x928;&#x94D;&#x926;</subfield>
    <subfield code="p">B-281548</subfield>
    <subfield code="r">2015-03-21 00:00:00</subfield>
    <subfield code="s">2015-03-13</subfield>
    <subfield code="t">1</subfield>
    <subfield code="v">400.00</subfield>
    <subfield code="w">2008-09-27</subfield>
    <subfield code="y">HN</subfield>
  </datafield>
  <datafield tag="952" ind1=" " ind2=" ">
    <subfield code="0">0</subfield>
    <subfield code="1">0</subfield>
    <subfield code="2">ddc</subfield>
    <subfield code="4">0</subfield>
    <subfield code="7">0</subfield>
    <subfield code="8">FIC</subfield>
    <subfield code="a">ZLS</subfield>
    <subfield code="b">ZLS</subfield>
    <subfield code="d">2018-08-06</subfield>
    <subfield code="l">1</subfield>
    <subfield code="o">&#x909; &#x91C;&#x94B;&#x917;&#x93F;&#x928;&#x94D;&#x926;</subfield>
    <subfield code="p">B-247044</subfield>
    <subfield code="r">2019-01-07 00:00:00</subfield>
    <subfield code="s">2018-12-31</subfield>
    <subfield code="w">2018-08-06</subfield>
    <subfield code="y">HN</subfield>
  </datafield>
  <datafield tag="952" ind1=" " ind2=" ">
    <subfield code="0">0</subfield>
    <subfield code="1">0</subfield>
    <subfield code="2">ddc</subfield>
    <subfield code="4">0</subfield>
    <subfield code="7">0</subfield>
    <subfield code="8">FIC</subfield>
    <subfield code="a">BL1</subfield>
    <subfield code="b">BL1</subfield>
    <subfield code="d">2018-11-11</subfield>
    <subfield code="e">BPPD/Pub</subfield>
    <subfield code="g">400.00</subfield>
    <subfield code="l">0</subfield>
    <subfield code="o">&#x909; &#x91C;&#x94B;&#x917;&#x93F;&#x928;&#x94D;&#x926;</subfield>
    <subfield code="p">B-247043</subfield>
    <subfield code="r">2018-11-11 00:00:00</subfield>
    <subfield code="v">400.00</subfield>
    <subfield code="w">2018-11-11</subfield>
    <subfield code="y">HN</subfield>
  </datafield>
</record>
